1062 1169 1285 1045 1947 1245 1055 1513 1668 1740 1812 1173 1768 1664 1148 1668 1214 1348 1498 1240 1054 1585 1522 1527 1571 1324 1706 1351 1449 1192 1515 1808 1696 1228 1550 1639 1954 1714 1321 1665 1508 1275 1486 1688 1641 1533 1739 1885 1497 1629 1582 1652 1491 1011 1607 1705 1665 1328 1606 1085 1896 1403 1960 1070 1402 1504 1967 1520 1522 1270 1207 1243 1954 1022 1588 1807 1727 1119 1497 1142 1888 1883 1804 1312 1934 1455 1556 1012 1270 1069 1142 1343 1084 1554 1652 1481 1343 1395 1766 BCNSPRNW ULIB Ver.6.0+V

เปลี่ยนเป็นภาษาไทย

Change to English
 แสดงรายละเอียดบรรณานุกรม
  กลับหน้าหลัก

Brief Record : Get Marc (ISO 2709) : E-mail record : QR code < ปิดหน้าต่าง
LEADER : 00000nam 2200000uu 4500
001    13399109648
003     ULIB
008    110407s2552||||th 000 0 tha d
020    9789740203896
060 04 WB760.1^bม596ส 2552
100 0  มัญชรัตน์ ฉายอรุณ
245 10 สปาเครื่องเทศและผลไม้ /^cมัญชรัตน์ ฉายอรุณ
250    พิมพ์ครั้งที่ 1
260    กรุงเทพฯ :^bมติชน,^c2552
300    239 หน้า :^bภาพประกอบ
650  7 สปา
650  7 การบำบัดด้วยกลิ่น
650  7 สมุนไพรสปา
945    ^p180^l0^i027668
995    ทศพร
999 ^a ใช้งานได้ทุกระบบ
รายการนี้ยังไม่มีแท็ก
คุณยังไม่ได้ล็อกอิน คุณสามารถมีกิจกรรมร่วมกับเว็บไซต์ได้ แต่ต้องล็อกอินก่อน ::
  ล็อกอิน

รายการสื่อสารสนเทศ

ลำดับที่ ประเภท เลขเรียก/บาร์โค้ด สถานที่ สถานะ
- ไม่พบข้อมูล -

รายการใกล้เคียง
    หัวเรื่อง [สปา]
    หัวเรื่อง [การบำบัดด้วยกลิ่น]

BibComment


ยังไม่เคยถูกคอมเมนท์

คอมเมนท์ทรัพยากรรายการนี้
  คอมเมนท์: สปาเครื่องเทศและผ..


 Copyright 2026. Bcnsprnw @Library